Az elektronikus számlázás hatása a vállalati cash-flow folyamatokra az AB-Inbev Magyarország Kft. példáján

Bibliográfiai részletek
Szerző: Mayer Péter
További közreműködők: Gulyásné Csekő dr. Katalin
Dokumentumtípus: Diplomadolgozat
Kulcsszavak:Elektronikus számlázás
Indirekt Cash-flow
Direkt Cash-flow
Online Access:http://dolgozattar.uni-bge.hu/4703

MARC

LEADER 00000nta a2200000 i 4500
001 dolg4703
005 20190122112100.0
008 151214suuuu hu om 000 hun d
040 |a BGE Dolgozattár Repozitórium  |b hun 
041 |a hu 
100 1 |a Mayer Péter 
245 1 3 |a Az elektronikus számlázás hatása a vállalati cash-flow folyamatokra az AB-Inbev Magyarország Kft. példáján  |c Mayer Péter  |h [elektronikus dokumentum] 
246 1 1 |a Az elektronikus számlázás hatása a vállalati cash-flow folyamatokra az AB-Inbev Magyarország Kft. példáján 
695 |a Elektronikus számlázás 
695 |a Indirekt Cash-flow 
695 |a Direkt Cash-flow 
700 1 |a Gulyásné Csekő dr. Katalin   |e ths 
856 4 0 |u http://dolgozattar.uni-bge.hu/4703/1/Szakdolgozat%20Mayer%20P%C3%A9ter%20WPP3E6.docx  |z Dokumentum-elérés